000 01725nam0a2200349 i 4500
001 RU\NLR\bibl\2078531
005 20240921143454.0
010 _a9785972301263
_940
021 _aRU
_b2013-69074
_94731
035 _a(nilc)RuMoRGB-006639237
035 _a(NLR Aleph) 002063921
090 _a4693231
_c4693231
100 _a20130902d2012 u y0rusy50 ca
101 0 _arus
102 _aRU
105 _ay zzzz|||||
200 1 _aАдминистрирование информационных систем
_eучебное пособие
_fА. А. Митин, А. А. Гурьянов
_gМ-во образования и науки Российской Федерации, Федеральное гос. бюджетное образовательное учреждение высш. проф. образования "Оренбургскийгос. ин-т менеджмента"
210 _aОренбург
_cОГИМ
_d2012
215 _a271 с.
_cил., табл.
_d21
320 _aБиблиогр.: с. 271
606 1 _aMICROSOFT WINDOWS 2008 SERVER, сетевая операционная система
_jУчебные издания для высших учебных заведений
_xУправление
_92555994
_3RU\NLR\AUTH\661512231
686 1 _aЗ988.02-018.2я73-1
700 1 _aМитин
_bА. А.
_gАлексей Александрович
_4070
701 1 _aГурьянов
_bА. А.
_gАндрей Алексеевич
_4070
801 0 _aRU
_bRuMoRKP
_c20130902
_gRCR
801 2 _aRU
_bРГБ
_c20130917
_grcr
801 1 _aRU
_bRuMoRKP
_c20130902
_2rusmarc
801 2 _aRU
_bNLR
_c20131003
_grcr
942 _cBOOK
980 _aNBR